Potoczne nazwy pociągów PKP - Statystyki

Ogólne statystyki
  • Ten quiz został rozwiązany 71 razy
  • Średni wynik to 10 z 20
Statystyki odpowiedzi
Hint Odpowiedź % Poprawnych
EN57 Kibel
92%
ET22 Byk
78%
EP07/EU07 Siódemka
75%
SM42/SU42 Stonka
72%
EP05 Czesio
67%
EP09 Epoka
67%
ED161 Dart
64%
EU44 Husarz
64%
EU160/E4DCU Griffin
58%
E6ACT/E6MST Dragon
55%
EP08 Świnia
53%
ET42 Czapajew
48%
TEM2/SM48 Tamara
47%
ET21 Sputnik
39%
ET40 Bombowiec
34%
BR232 Ludmiła
31%
SP42 Kociołek
23%
207E Edgar
20%
EN77 Acatus
19%
311D Batman
19%
Nie znaleziono quizów pasujących do podanych kryteriów
Rozkład punktacji
Procent ludzi z każdym wynikiem
Percentyl według liczby udzielonych odpowiedzi
Twoja historia wyników
Nie rozwiązałeś tego quizu